书目信息 |
| 题名: |
古希腊城邦政制
|
|
| 作者: | 刘文泰 著 | |
| 分册: | ||
| 出版信息: | 长春 吉林人民出版社 2005 |
|
| 页数: | 120页 | |
| 开本: | 21cm | |
| 丛书名: | ||
| 单 册: | ||
| 中图分类: | K125 | |
| 科图分类: | ||
| 主题词: | 城邦--政治制度--古希腊 , 城邦 , 政治制度 | |
| 电子资源: | ||
| ISBN: | 7-206-03187-0 | |
| 000 | 00779nam0 2200265 45 | |
| 001 | 012006032952 | |
| 005 | 20070709154112.85 | |
| 010 | @a7-206-03187-0@dCNY12.80 | |
| 092 | @aCN@b489228 | |
| 100 | @a20060329d2005 em y0chiy0120 ea | |
| 101 | 0 | @achi |
| 102 | @aCN@b220000 | |
| 105 | @ay z 000yy | |
| 200 | 1 | @a古希腊城邦政制@Agu xi la cheng bang zheng zhi@f刘文泰著@Fliu wen tai zhu |
| 205 | @a2版 | |
| 210 | @a长春@c吉林人民出版社@d2005 | |
| 215 | @a120页@d21cm | |
| 330 | @a本书主要内容:导论、希腊城邦的政体类型、决定城邦政体的因素、城邦政治的基本原则等。 | |
| 606 | 0 | @a城邦@x政治制度@y古希腊 |
| 606 | 0 | @a城邦 |
| 606 | 0 | @a政治制度 |
| 690 | @aK125@v4 | |
| 701 | 0 | @a刘文泰@Aliu wen tai@4著 |
| 801 | 0 | @aCN@bLZJBOOK@c20070709 |
| 905 | @a10447@dK125@e175=2 | |
| 古希腊城邦政制/刘文泰著.-2版.-长春:吉林人民出版社,2005 |
| 120页;21cm |
| ISBN 7-206-03187-0:CNY12.80 |
| 本书主要内容:导论、希腊城邦的政体类型、决定城邦政体的因素、城邦政治的基本原则等。 |
| ● |
| 相关链接 |
|
|
|
|
正题名:古希腊城邦政制
索取号:K125/175=2
 
预约/预借
| 序号 | 登录号 | 条形码 | 馆藏地/架位号 | 状态 | 备注 |
| 1 | 0567025 | 205670255 | 第二样本阅览室/ [索取号:K125/175=2] | 在馆 | |
| 2 | 0567026 | 205670264 | 第二借阅区/ [索取号:K125/175=2] | 在馆 | |
| 3 | 0567027 | 205670273 | 第二借阅区/ [索取号:K125/175=2] | 在馆 | |
| 4 | 0567028 | 205670282 | 第二借阅区/ [索取号:K125/175=2] | 在馆 | |
| 5 | 0567029 | 205670291 | 第二借阅区/ [索取号:K125/175=2] | 在馆 | |
| 6 | 0567030 | 205670308 | 第二借阅区/ [索取号:K125/175=2] | 在馆 | |
| 7 | 0567031 | 205670317 | 第二借阅区/ [索取号:K125/175=2] | 在馆 | |
| 8 | 0567032 | 205670326 | 第二借阅区/ [索取号:K125/175=2] | 在馆 |